Port operation and administration, (Record no. 528097)
[ view plain ]
| 000 -LEADER | |
|---|---|
| fixed length control field | 00963cam a22003251 4500 |
| 001 - CONTROL NUMBER | |
| control field | 8833628 |
| 003 - CONTROL NUMBER IDENTIFIER | |
| control field | NUST |
| 005 - DATE AND TIME OF LATEST TRANSACTION | |
| control field | 20190828080832.0 |
| 008 - FIXED-LENGTH DATA ELEMENTS--GENERAL INFORMATION | |
| fixed length control field | 800519s1950 enka b 000 0 eng |
| 010 ## - LIBRARY OF CONGRESS CONTROL NUMBER | |
| LC control number | 50036516 |
| 015 ## - NATIONAL BIBLIOGRAPHY NUMBER | |
| National bibliography number | GB50-745 |
| 035 ## - SYSTEM CONTROL NUMBER | |
| System control number | (OCoLC)6333034 |
| 038 ## - RECORD CONTENT LICENSOR | |
| Staff Name | M.Ramzan |
| 040 ## - CATALOGING SOURCE | |
| Original cataloging agency | DLC |
| Transcribing agency | TxCM |
| Modifying agency | Uk |
| -- | DLC |
| 042 ## - AUTHENTICATION CODE | |
| Authentication code | premarc |
| 050 00 - LIBRARY OF CONGRESS CALL NUMBER | |
| Classification number | VK345 |
| Item number | .B6 |
| 082 ## - DEWEY DECIMAL CLASSIFICATION NUMBER | |
| Classification number | 656 |
| Author Mark | BOW |
| 100 1# - MAIN ENTRY--PERSONAL NAME | |
| Personal name | Bown, A. H. J. |
| 9 (RLIN) | 19657 |
| 245 10 - TITLE STATEMENT | |
| Title | Port operation and administration, |
| Statement of responsibility, etc. | by A. H. J. Bown and C. A. Dove. |
| 260 ## - PUBLICATION, DISTRIBUTION, ETC. | |
| Place of publication, distribution, etc. | London, |
| Name of publisher, distributor, etc. | Published by Chapman & Hall for the Dock and Harbour Authority, |
| Date of publication, distribution, etc. | 1950. |
| 300 ## - PHYSICAL DESCRIPTION | |
| Extent | 295 p. |
| Other physical details | illus. |
| Dimensions | 22 cm. |
| 504 ## - BIBLIOGRAPHY, ETC. NOTE | |
| Bibliography, etc. note | Bibliography: p. 286. |
| 650 #0 - SUBJECT ADDED ENTRY--TOPICAL TERM | |
| Topical term or geographic name entry element | Harbors. |
| 9 (RLIN) | 19658 |
| 650 #0 - SUBJECT ADDED ENTRY--TOPICAL TERM | |
| Topical term or geographic name entry element | Wharves. |
| 9 (RLIN) | 19659 |
| 650 #0 - SUBJECT ADDED ENTRY--TOPICAL TERM | |
| Topical term or geographic name entry element | Ships |
| General subdivision | Cargo. |
| 9 (RLIN) | 19660 |
| 650 #0 - SUBJECT ADDED ENTRY--TOPICAL TERM | |
| Topical term or geographic name entry element | Ocean travel. |
| 9 (RLIN) | 19661 |
| 700 1# - ADDED ENTRY--PERSONAL NAME | |
| Personal name | Dove, C. A., |
| Relator term | joint author. |
| 9 (RLIN) | 19662 |
| 906 ## - LOCAL DATA ELEMENT F, LDF (RLIN) | |
| a | 7 |
| b | cbc |
| c | oclcrpl |
| d | u |
| e | ncip |
| f | 19 |
| g | y-gencatlg |
| 942 ## - ADDED ENTRY ELEMENTS (KOHA) | |
| Source of classification or shelving scheme | |
| Koha item type | Book |
| Withdrawn status | Lost status | Source of classification or shelving scheme | Damaged status | Not for loan | Permanent Location | Current Location | Date acquired | Total Checkouts | Full call number | Barcode | Date last seen | Price effective from | Koha item type |
|---|---|---|---|---|---|---|---|---|---|---|---|---|---|
| School of Civil and Environmental Engineering (SCEE) | School of Civil and Environmental Engineering (SCEE) | 08/28/2019 | 656 BOW | NIT-10224 | 08/28/2019 | 08/28/2019 | Book |
